LIBRARY & INFORMATION CENTRE, KCAET, TAVANUR

ONLINE PUBLIC ACCESS CATALOGUE (OPAC)

Fruit Science Culture & Technology Vol.1 :Basic Aspects & Practices (Record no. 15561)

MARC details
000 -LEADER
fixed length control field 00399nam a22001457a 4500
003 - CONTROL NUMBER IDENTIFIER
control field OSt
008 - FIXED-LENGTH DATA ELEMENTS--GENERAL INFORMATION
fixed length control field 190516b ||||| |||| 00| 0 eng d
020 ## - INTERNATIONAL STANDARD BOOK NUMBER
ISBN 9789386546203
082 ## - DEWEY DECIMAL CLASSIFICATION NUMBER
Classification number 634
Item number BAL/FR
245 ## - TITLE STATEMENT
Title Fruit Science Culture & Technology Vol.1 :Basic Aspects & Practices
260 ## - PUBLICATION, DISTRIBUTION, ETC. (IMPRINT)
Place of publication New Delhi
Name of publisher New India Publishing Agency
Year of publication 2018
300 ## - PHYSICAL DESCRIPTION
Number of Pages 418 p
700 ## - ADDED ENTRY--PERSONAL NAME
Personal name Bal, J S
942 ## - ADDED ENTRY ELEMENTS (KOHA)
Koha item type Books
Holdings
Withdrawn status Lost status Damaged status Collection code Home library Current library Shelving location Date acquired Cost, normal purchase price Full call number Accession Number Koha item type
      Non-fiction KAUAET KAUAET General Stacks 16/05/2019 2995.00 634 BAL/FR 25780 Books
free website counter